Una obra en reparación: Museos de arte en Chile.

Tallennettuna:
Bibliografiset tiedot
Päätekijä: Ruiz Balart, Macarena 1977- (autora)
Aineistotyyppi: Kirja
Julkaistu: Viña del Mar, Chile: Artequin Viña del Mar, 2022.
Painos:Primera edición.
Aiheet:
Tagit: Lisää tagi
Ei tageja, Lisää ensimmäinen tagi!

MARC

LEADER 00000nam a22000007a 4500
003 CL-VaPUC
005 20220926120426.0
008 220913t2022 ||||| |||| 00| 0 eng d
999 |c 438698  |d 438696 
020 |a 978-956-9097-10-2 
040 |c Pontificia Universidad Católica de Valparaíso 
082 |2 22  |a 708.83 RUI 2022 
100 |a Ruiz Balart, Macarena  |e autora  |9 876573  |d 1977- 
245 |a Una obra en reparación: Museos de arte en Chile. 
250 |a Primera edición. 
260 |a Viña del Mar, Chile:  |b Artequin Viña del Mar,  |c 2022. 
300 |a 269 páginas. 
500 |a c.1 Donación Profesor Bruno Cuneo. Memo ART 08/2022. 07/09/2022 
583 |c 20220913  |k Catalogador Asistente 
650 0 |9 265235  |a Museos de arte  |x Estudios de casos   |z Chile  
650 0 |9 872140  |a Museología  |x Políticas culturales   |z Chile 
650 0 |a Museos  |x Objetivos y actividades  |z Latinoamérica   |z Chile   |9 269209 
942 |2 ddc  |c BK 
952 |0 0  |1 0  |2 ddc  |4 0  |6 708_830000000000000_RUI_2022  |7 0  |8 A  |9 586715  |a BIBART  |b BIBART  |d 2022-09-13  |e Donación  |i 5654699  |o 708.83 RUI 2022  |p 5654699  |r 2025-03-13  |t 1  |w 2022-09-13  |y BK  |k ART